000 00945nam a2200229Ia 4500
003 GCL
005 20240530102209.0
008 140319s9999 xx 000 0 ara d
040 _aGCL /
_cGCL
082 0 4 _a415
_bش م
100 1 _aالشاطبى , ابى اسحاق ابراهيم
245 1 0 _aالمقاصد الشافية فى شرح الخلاصة الكافية :
_bشرح الفية بن مالك مبحث الحال /
_cالشاطبى , ابواسحاق ابراهيم ؛ تقديم عبدالله الحسينى هلال
260 _a[ القاهرة ] :
_bمطبعة الحسين الاسلامية ،
_c1990
300 _a241 ص
_b24سم
650 0 4 _aالنحو
650 0 4 _aالاصوات اللغوية
650 0 4 _aاللغة العربية
650 0 4 _aالصرف
700 1 _aعبدالله الحسينى هلال
_4مقدم
700 1 _aعبدالله الحسينى هلال
_4محقق
942 _2ddc
_cBK
999 _c30488
_d30488